| 000 -LEADER |
| fixed length control field |
02167nam a2200229 a 4500 |
| 001 - CONTROL NUMBER |
| control field |
ASIN1595581790 |
| 005 - DATE AND TIME OF LATEST TRANSACTION |
| control field |
20170105102909.0 |
| 008 - FIXED-LENGTH DATA ELEMENTS--GENERAL INFORMATION |
| fixed length control field |
131025s2007 xxu eng d |
| 020 ## - INTERNATIONAL STANDARD BOOK NUMBER |
| International Standard Book Number |
1595581790 (hardcover) |
| Terms of availability |
$26.95 |
| 020 ## - INTERNATIONAL STANDARD BOOK NUMBER |
| International Standard Book Number |
9781595581792 (hardcover) |
| 040 ## - CATALOGING SOURCE |
| Original cataloging agency |
0 |
| 050 04 - LIBRARY OF CONGRESS CALL NUMBER |
| Classification number |
HV6431 |
| 082 04 - DEWEY DECIMAL CLASSIFICATION NUMBER |
| Classification number |
363.325 |
| 100 1# - MAIN ENTRY--PERSONAL NAME |
| Personal name |
Carr, Matthew. |
| 245 14 - TITLE STATEMENT |
| Title |
The infernal machine : |
| Remainder of title |
a history of terrorism / |
| Statement of responsibility, etc. |
Matthew Carr. |
| 260 ## - PUBLICATION, DISTRIBUTION, ETC. |
| Place of publication, distribution, etc. |
[S.l.] : |
| Name of publisher, distributor, etc. |
The New Press, |
| Date of publication, distribution, etc. |
2007. |
| 300 ## - PHYSICAL DESCRIPTION |
| Extent |
410 p. ; |
| Dimensions |
24 cm. |
| 520 ## - SUMMARY, ETC. |
| Summary, etc. |
A dramatic reframing of our troubled present against a century full of striking historical parallels. In 1881, a small group of Russian revolutionaries calling themselves "terrorists" assassinated Tsar Alexander II in a spectacular bombing attack in St. Petersburg. Far from being psychopathic murderers, these men and women viewed their actions as a just response to tyranny. The violence in Russia launched a crucial but poorly understood chapter in modern political history. With extraordinary narrative sweep, investigative journalist Matthew Carr unearths the complex realities of terrorist violence and its indelible impact on nations as different as Italy, Argentina, France, Algeria, Ireland, Russia, Japan, and the United States. Spanning over a century of world history, The Infernal Machine reveals stunning similarities in societies' responses to terrorism despite profound political and cultural differences. Again and again, Carr demonstrates that the true impact of terrorism has been felt in the overreactions of government and the media to acts of political violence, as rulers have consistently seized on terrorist attacks as a pretext for a massive counterassault, sacrificing civil liberties and curtailing democratic institutions in the name of security. Includes historical accounts of: IRA, Mau Mau, Red Brigades, Baader-Meinhof Gang, PLO, National Liberation Front of Algeria, The Weathermen, ETA/Basque separatists, Carlos the Jackal, Hezbollah, The Tamil Tigers, Al-Qaeda. |
| 650 #0 - SUBJECT ADDED ENTRY--TOPICAL TERM |
| Topical term or geographic name entry element |
Terrorism |
| 856 40 - ELECTRONIC LOCATION AND ACCESS |
| Materials specified |
Amazon.com |
| Uniform Resource Identifier |
<a href="http://www.amazon.com/exec/obidos/ASIN/1595581790/chopaconline-20">http://www.amazon.com/exec/obidos/ASIN/1595581790/chopaconline-20</a> |
| 942 ## - ADDED ENTRY ELEMENTS (KOHA) |
| Source of classification or shelving scheme |
|
| Koha item type |
Book |